| 000 | 00895cab a2200241 4500 | ||
|---|---|---|---|
| 001 | ABS50676 | ||
| 008 | 090401t1994 xxu||||| |||| 00| 0 eng d | ||
| 035 | _a(Sirsi) u62524 | ||
| 041 | _aeng | ||
| 100 | _aSwanwick, D. | ||
| 245 | _aRetention of title | ||
| 260 | _c1994 | ||
| 350 | _a0 | ||
| 490 |
_aEstates Gazette _v(9421) 28 May 1994, 114-115(2) |
||
| 520 | _aExplores the question of whether of not, in the event of a landlord or tenant`s insolvency, a supplier is entitled to claim back goods that are part of the premises. The distinction between chattels or fixtures is drawn and suppliers` rights to enforcement noted. Despite no definitive judgment, caselaw is consulted. | ||
| 650 | _aFIXTURES | ||
| 650 |
_aInsolvency _96247 |
||
| 650 | _aLEASES | ||
| 650 | _aRETENTION OF TITLE CLAUSES | ||
| 690 | _aPROPERTY-LANDLORD AND TENANT | ||
| 942 | _n0 | ||
| 948 | _c04/03/1997 | ||
| 999 |
_c38839 _d38839 |
||